Songs That Spent the Most Weeks At #1 - Statistics

General Stats
  • This quiz has been taken 15 times
  • The average score is 12 of 39
Answer Stats
Rank Song Artist # of Weeks Release Year % Correct
4. I Will Always Love You Whitney Houston 14 1992
64%
1. Old Town Road (ft. Billy Ray Cyrus) Lil Nas X 19 2019
64%
20. Shape of You Ed Sheeran 12 2017
64%
3. Despacito (ft. Justin Bieber) Luis Fonsi and Daddy Yankee 16 2017
57%
36. Happy Pharrell Williams 10 2014
57%
14. Lose Yourself Eminem 12 2002
57%
6. Macarena Los Del Río 14 1996
57%
17. Blurred Lines (ft. T.I. and Pharrell) Robin Thicke 12 2013
50%
7. Candle In the Wind 1997 Elton John 14 1997
50%
37. Hello Adele 10 2015
50%
9. I Gotta Feeling The Black Eyed Peas 14 2009
50%
10. Uptown Funk (ft. Bruno Mars) Mark Ronson 14 2015
50%
15. Yeah! (ft. Lil Jon and Ludacris) Usher 12 2004
50%
19. Closer (ft. Halsey) The Chainsmokers 12 2016
43%
25. God's Plan Drake 11 2018
36%
23. I'll Be Missing You (ft. 112) Puff Daddy and Faith Evans 11 1997
36%
34. Low (ft. T-Pain) Flo Rida 10 2008
36%
28. Physical Olivia Newton-John 10 1981
36%
18. See You Again (ft. Charlie Puth) Wiz Khalifa 12 2015
36%
32. Gold Digger (ft. Jamie Foxx) Kanye West 10 2005
29%
38. One Dance (ft. Wizkid and Kyla) Drake 10 2016
29%
13. Smooth (ft. Rob Thomas) Santana 12 1999
29%
16. Boom Boom Pow The Black Eyed Peas 12 2009
21%
31. Dilemma (ft. Kelly Rowland) Nelly 10 2002
21%
29. Maria Maria (ft. The Product G&B) Santana 10 2000
21%
26. The Box Roddy Ricch 11 2020
21%
11. End of the Road Boyz II Men 13 1992
14%
12. The Boy Is Mine Brandy and Monica 13 1998
14%
22. Un-Break My Heart Toni Braxton 11 1996
14%
8. We Belong Together Mariah Carey 14 2005
14%
5. I'll Make Love to You Boyz II Men 14 1994
7%
24. Independent Woman Destiny's Child 11 2000
7%
39. In My Feelings Drake 10 2018
7%
33. Irreplaceable Beyoncé 10 2006
7%
21. I Swear All-4-One 11 1994
7%
27. You Light Up My Life Debby Boone 10 1977
7%
30. Foolish Ashanti 10 2002
0%
2. One Sweet Day Mariah Carey and Boyz II Men 16 1995
0%
35. We Found Love (ft. Calvin Harris) Rihanna 10 2010
0%
No matching quizzes found
Score Distribution
Percent of People with Each Score
Percentile by Number Answered
Your Score History
You have not taken this quiz